ՀՀ Գիտությունների ազգային ակադեմիայի հիմնարար գիտական գրադարան  =   Fundamental Scientific Library of NAS RA

История Византии / (Record no. 533685)

MARC details
000 -LEADER
fixed length control field 01114nam a2200217 a 4500
001 - CONTROL NUMBER
control field 2010930
003 - CONTROL NUMBER IDENTIFIER
control field AM-YeHGA
005 - DATE AND TIME OF LATEST TRANSACTION
control field 20250617165035.0
008 - FIXED-LENGTH DATA ELEMENTS--GENERAL INFORMATION
fixed length control field 250317s1923 ru ||||| |||| 00| 0 rus d
040 ## - CATALOGING SOURCE
Original cataloging agency AM-YeHGA
041 ## - LANGUAGE CODE
Language code of text/sound track or separate title rus
090 ## - LOCALLY ASSIGNED LC-TYPE CALL NUMBER (OCLC); LOCAL CALL NUMBER (RLIN)
-- 573100
100 1# - MAIN ENTRY--PERSONAL NAME
Personal name Васильев, Александр Александрович
245 10 - TITLE STATEMENT
Title История Византии /
Statement of responsibility, etc. А. А. Васильев
260 ## - PUBLICATION, DISTRIBUTION, ETC.
Place of publication, distribution, etc. Петербург :
Name of publisher, distributor, etc. Academia,
Date of publication, distribution, etc. 1923
300 ## - PHYSICAL DESCRIPTION
Extent Вып. (В одном переплете 3 книги )
501 ## - WITH NOTE
With note (В одном переплете 3 книги )
505 10 - FORMATTED CONTENTS NOTE
Miscellaneous information [Вып. 1]: (1923, 120 с. )
Title Византия и крестоносцы: Эпоха Комнинов (1081-1185) и Ангелов (1185-1204)
Miscellaneous information [Вып. 2]: (1923, 76 с. )
Title Латинское владычество на Востоке : Эпоха Никейской и Латинской империй (1204-1261)
Miscellaneous information [Вып. 3] (1925, 143 с.)
Title Падение Византии : Эпоха Палеологов (1261-1453)
650 14 - SUBJECT ADDED ENTRY--TOPICAL TERM
Topical term or geographic name entry element Византия
Form subdivision История
942 ## - ADDED ENTRY ELEMENTS (KOHA)
Source of classification or shelving scheme Universal Decimal Classification
Koha item type Գրքեր / Books
Holdings
Withdrawn status Lost status Source of classification or shelving scheme Damaged status Not for loan Collection Home library Current library Date acquired Serial enumeration / chronology Total checkouts Full call number Barcode Date last seen Price effective from Koha item type Public note
    Universal Decimal Classification     Kusikian Individual Collection Fundamental Scientific Library Fundamental Scientific Library 17/03/2025 Вып. 1   Кус/1717 FL0686258 17/03/2025 17/03/2025 Գրքեր / Books ILL Non-Circ.
    Universal Decimal Classification     Kusikian Individual Collection Fundamental Scientific Library Fundamental Scientific Library 17/03/2025 Вып. 2   Кус/1718 FL0686259 17/03/2025 17/03/2025 Գրքեր / Books ILL Non-Circ.
    Universal Decimal Classification     Kusikian Individual Collection Fundamental Scientific Library Fundamental Scientific Library 17/03/2025 Вып. 3   Кус/1719 FL0686260 17/03/2025 17/03/2025 Գրքեր / Books ILL Non-Circ.


ՀՀ ԳԱԱ հիմնարար գիտական գրադարան
ՀՀ,Երևան 0019
Մարշալ Բաղրամյան 24/6
հեռախոս:(374-10) 52-47-50
Հետադարձ կապ

All site content, except where otherwise noted, is licensed under a
Creative Commons License